Inclusion Chemistry with Zeolites: Nanoscale Materials by Design /

Zeolites, with their crystalline microporous structure, are cordial hosts to a wide variety of guests. Traditional absorption techniques, as well as X-ray diffraction and spectroscopic techniques, have contributed to a better understanding of the nature of the host materials' characteristic cav...

Full description

Bibliographic Details
Main Author: Herron, Norman
Corporate Author: SpringerLink (Online service)
Other Authors: Corbin, David R.
Format: eBook
Language:English
Published: Dordrecht : Springer Netherlands : Imprint : Springer, 1995.
Series:Topics in inclusion science ; 6.
Subjects:
Online Access:Connect to the full text of this electronic book

MARC

Tag First Indicator Second Indicator Subfields
LEADER 00000cam a2200000Ma 4500
001 in00003555921
006 m o d
007 cr nn|||||||||
008 121227s1995 ne o 000 0 eng d
005 20260420211654.1
020 |a 9789401101196 (electronic bk.) 
020 |a 9401101191 (electronic bk.) 
035 |a (OCoLC)840308342 
040 |a I9W  |b eng  |e pn  |c I9W  |d OCLCO  |d OCLCQ  |d GW5XE  |d OCLCF  |d UtOrBLW 
049 |a TXAM 
050 4 |a TP245.S5 
082 0 4 |a 540  |2 23 
100 1 |a Herron, Norman. 
245 1 0 |a Inclusion Chemistry with Zeolites: Nanoscale Materials by Design /  |c edited by Norman Herron, David R. Corbin. 
264 1 |a Dordrecht :  |b Springer Netherlands :  |b Imprint :  |b Springer,  |c 1995. 
300 |a 1 online resource (360 pages) 
336 |a text  |b txt  |2 rdacontent 
337 |a computer  |b c  |2 rdamedia 
338 |a online resource  |b cr  |2 rdacarrier 
490 1 |a Topics in Inclusion Science, 0923-6732 ;  |v 6 
520 |a Zeolites, with their crystalline microporous structure, are cordial hosts to a wide variety of guests. Traditional absorption techniques, as well as X-ray diffraction and spectroscopic techniques, have contributed to a better understanding of the nature of the host materials' characteristic cavities, cages and channels. The same techniques, coupled with powerful computational methods, have given new insights into the interactions of guest molecules with their hosts. In turn, this has led to new developments in the direction of structure during zeolite synthesis as well as potentially new applications of guest-host materials. <br/> The 11 chapters of <em>Inclusion Chemistry with Zeolites: Nanoscale</em> <em>Materials by Design</em> represent the cutting edge of modern research, describing some of the most recent studies on structure direction in synthesis, characterization techniques, computational aspects, coordination and organometallic chemistry, photochemistry, and electronic and optical materials. The diversity and wide utility of its presentation will inspire creative readers to create their own 'nanoscale materials by design'. <br/> 
500 |a Electronic resource. 
650 0 |a Zeolites. 
650 7 |a Zeolites.  |2 fast  |0 (OCoLC)fst01184265 
655 7 |a Electronic books.  |2 local 
700 1 |a Corbin, David R. 
710 2 |a SpringerLink (Online service) 
830 0 |a Topics in inclusion science ;  |v 6. 
856 4 0 |u http://proxy.library.tamu.edu/login?url=https://link.springer.com/10.1007/978-94-011-0119-6  |z Connect to the full text of this electronic book  |t 0 
994 |a 92  |b TXA 
999 |a MARS 
999 f f |s 1f9642b5-5650-3b1d-84a6-5635d8ad6a69  |i 400fffad-0137-307b-ba42-750985d0f76f  |t 0 
952 f f |a Texas A&M University  |b College Station  |c Electronic Resources  |s www_evans  |d Available Online  |t 0  |e TP245.S5  |h Library of Congress classification 
998 f f |a TP245.S5  |t 0  |l Available Online